00591 2200205 4500001002100000005001500021035002000036007000300056008004100059082001400100084002000114100002700134245010200161250001100263260003300274300002600307650002500333990001300358990001400371INLIS00000000000984820220112104842 a0010-0122000049ta220112 g 0 ind  aR. 343.03 aR. 343.03 TIM p0 aTIM REDAKSI FOKUSMEDIA1 aPeraturan Pemerintah Nomor 24 Tahun 2005 Standar Akuntansi Pemerintahan /cTim Redaksi Fokusmedia aCet. 1 aBandung :bFokusmedia,c2005 avii, 228 hlm ;c14 cm 4aAkuntansi pemerintah a1071 665 a1071 665A